| 000 | 00465nam a2200145Ia 4500 | ||
|---|---|---|---|
| 008 | 190710s9999 xx 000 0 und d | ||
| 020 | _a9789712396175 | ||
| 100 | _aAmog, Maybel V. | ||
| 245 |
_cMaybel V. Amog _aKalinangan 9: _bbatayan at sanayang aklat sa wika at panitikan/ |
||
| 250 | _a3rd. ed. | ||
| 260 |
_aManila: _bREX Bookstore _c2019 |
||
| 300 |
_axii, 418 p. ; _bill. : _c250 cm. |
||
| 650 | _aFilipino language -- grammar | ||
| 650 | _aFilipino literature | ||
| 999 |
_c361943 _d361943 |
||